000 00480nam a22001817a 4500
005 20171010114836.0
010 _aENG-120778
020 _a9789386191175
_c450.00
035 _aEN-104310
037 _bDBAD/PUB
082 _aN
100 _aShubhs
245 _aRunuts?/
_cby Shubhs
260 _aNew Delhi
_bLifi Publications
_c2017
270 _a211, 2nd Floor, Gagandeep, 12 Rajendra Place
_bNew Delhi
_e110008
300 _axi,244p.
_c20cm(Hb)
942 _2ddc
_cEN
_hN
_mSHU
999 _c146387
_d146387